000 00519nam a2200205Ia 4500
005 20251113225726.0
008 230125s9999 xx 000 0 und d
020 _a978-81-7992-794-6
041 _aeng
082 _a158.1
_bSHA
100 _aSharma R
_9214902
245 _aDaily Inspiration
260 _c2008
_bJaico Publishing House
_aMumbai
300 _a162p
500 _aPersonality Development,
650 _aPersonality Development
_9213420
700 _aSharma R
_9214902
906 _b35
942 _cBK
999 _c85594
_d85594